Statistics for The Formula 1 quiz

Click here to take the quiz!

General Stats

  • This quiz has been taken 215 times
  • The average score is 7 of 15

Answer Stats

HintAnswer% Correct
Austrian 3 time world championNiki Lauda
92%
Number of Championships won by Fangio5
79%
Father of only Canadian world championGilles Villeneuve
68%
Number of British world champions10
66%
world champion in 1992Nigel Mansell
66%
Only world champion from New ZealandDenny Hulme
62%
First Finish world championKeke Rosberg
58%
Only African world championJody Scheckter
57%
First American world championPhil Hill
50%
Nationality of 1980 world championAustralian
40%
First French championship winning teamMatra
26%
Driver for first French championship winning teamJackie Stewart
25%
Ferrari's 4'th world championship winning driverMike Hawthorn
20%
Mclaren's first world championEmersson Fittipaldi
2%
First world champion in 1950Nino "Guiseppe" Farina
2%

Score Distribution

Percentile by Number Answered

Percent of People with Each Score

Your Score History

You have not taken this quiz